banner koha

Occurrence of gastric ulcers and serum gastrin levels in jumping horses (Registro n. 328258)

MARC details
000 -LÍDER
fixed length control field 03920nab a2200337 i 4500
003 - CÓDIGO MARC DA AGÊNCIA CATALOGADORA
Campo de controle BR-BrBNA
005 - DATA E HORA DA ÚLTIMA ATUALIZAÇÃO
Campo de controle 20241024145134.0
008 - CAMPO DE TAMANHO FIXO
fixed length control field 241024b2019 bl.|r|pooa||| 00| 0 eng |
040 ## - FONTE DA CATALOGAÇÃO
Agência catalogadora BR-BrBNA
Idioma da catalogação eng
072 ## - CATEGORIA AGRIS
Código AGRIS L73
Código do objeto 5120
100 ## - ENTRADA PRINCIPAL - NOME PESSOAL
Nome pessoal Ribeiro, G.
100 ## - ENTRADA PRINCIPAL - NOME PESSOAL
Nome pessoal Belli, C.B.
100 ## - ENTRADA PRINCIPAL - NOME PESSOAL
Nome pessoal Machado, T.S.L.
100 ## - ENTRADA PRINCIPAL - NOME PESSOAL
Nome pessoal Souza, V.A.F.
100 ## - ENTRADA PRINCIPAL - NOME PESSOAL
Nome pessoal Silva, L.C.L.C.
245 ## - TÍTULO PRINCIPAL
Título principal Occurrence of gastric ulcers and serum gastrin levels in jumping horses
500 ## - NOTA GERAL
Nota geral Publicação online; 22 ref.; 2 illus.; Summaries (En, Pt)
942 ## - ADDED ENTRY ELEMENTS (KOHA)
Koha item type Analítica
520 ## - NOTA DE RESUMO
Nota de conteúdo <br/><br/>ABSTRACT - The aim of this study was to determine the occurrence of EGUS and to quantify serum gastrin levels in jumping horses during competition season and interseason period. Forty jumping horses, competing at high level were randomly allocated into two groups, the Training Group: twenty jumping horses undergoing intense training and participating in competitions, and the Rest Group: twenty jumping horses in the interseason (resting period). The gastroscopic examinations and blood samples of the horses in the training group were performed 1-2 days following the competition while in the horses of the rest group, following 4 weeks of rest. The serum gastrin levels were measured at two different times: prefeeding and two hours after feeding the horses (postprandial) by ELISA kit. Gastric lesion score data were compared by the Mann-Whitney U test (α= 0.05) and the mean gastrin values were compared between the groups and between the two moments by the paired tet tests, respectively (α= 0, 05). Squamous gastric ulcers were detected in 42.5% of all jumping horses examined independent of the period, competition season or interseason. Serum gastrin levels were significantly higher in the Training Group with no difference between pre-feeding and postprandial values.<br/><br/><br/>Keywords: horses, gastric ulcers, gastrin
520 ## - NOTA DE RESUMO
Nota de conteúdo <br/><br/>RESUMO - O objetivo deste estudo foi determinar a ocorrência de EGUS e quantificar os níveis séricos de gastrina em cavalos de hipismo durante a época de competições e o período de férias. Quarenta cavalos de hipismo de alta performance foram aleatoriamente distribuídos em dois grupos, grupo treinamento: vinte cavalos de hipismo submetidos a treinamento intenso e participando de competições, e grupo descanso: vinte cavalos de hipismo em férias (período de descanso). As avaliações gastroscópicas e as coletas de sangue dos cavalos em treinamento foram realizadas um ou dois dias após as competições, enquanto nos cavalos do grupo descanso foram realizadas após quatro semanas de repouso. Os níveis séricos de gastrina foram mensurados por kit de ELISA, em dois momentos: antes da alimentação e duas horas após. Os dados de escore das lesões gástricas foram comparados pela prova U de Mann-Whitney (α= 0,05) e os valores médios de gastrina foram comparados entre os grupos e entre os dois momentos pelos testes t e t pareado, respectivamente (α= 0,05). Foram encontradas úlceras gástricas em 42,5% de todos os cavalos examinados, independentemente do período de competições ou repouso. Os níveis séricos de gastrina foram significativamente maiores no grupo treinamento, sem diferença entre os períodos pré e pós-alimentação.<br/><br/><br/>Palavras-chave: cavalos, úlceras gástricas, gastrina
650 ## - ASSUNTO - THESAGRO
Cabeçalho tópico ou nome geográfico CAVALO
650 ## - ASSUNTO - THESAGRO
Cabeçalho tópico ou nome geográfico ÚLCERA
650 ## - ASSUNTO - THESAGRO
Cabeçalho tópico ou nome geográfico DOENÇA ANIMAL
650 ## - ASSUNTO - THESAGRO
Cabeçalho tópico ou nome geográfico LESÃO
650 ## - ASSUNTO - THESAGRO
Cabeçalho tópico ou nome geográfico APARELHO DIGESTIVO
650 ## - ASSUNTO - THESAGRO
Cabeçalho tópico ou nome geográfico GASTRINA
650 ## - ASSUNTO - THESAGRO
Cabeçalho tópico ou nome geográfico VETERINÁRIA
773 0# - ENTRADA ANALÍTICA
Host Biblionumber 1643
Registro do item 345608
Imprenta Belo Horizonte-MG Universidade Federal de Minas Gerais - Escola de Veterinaria 1983
Outro identificador 2024-6240
Título Arquivo Brasileiro de Medicina Veterinária e Zootecnia (Brazil)
ISSN 0102-0935
Colação v. 71(2) p. 357-362; (2019)
Número de controle de registro BR2023002952
856 ## - ACESSO E ENDEREÇO ELETRÔNICO
Identificador uniforme de recurso - URI https://www.scielo.br/j/abmvz/a/TgZhsLC3RBNLM9mGp5kCkQc/?format=pdf&lang=en

Nenhum exemplar disponível.

BINAGRI

Telefone: (61)3218-2567/2388/3357/2097 - binagri@agro.gov.br

Ministério da Agricultura e Pecuária , Esplanada dos Ministérios, Bloco D, Anexo B, Brasília/DF, CEP: 70.043-900